Sports Quiz

Random Sports or Baseball Quiz

MLB Lifers Quiz Stats

 Plays Quiz Updated Oct 8, 2018

Score 0/30 Timer 10:00
3 Plays Today
Franchise Player % Correct
YankeesDerek Jeter
83.2%
RoyalsGeorge Brett
75.3%
TwinsHarmon Killebrew & Walter Johnson
74.2%
OriolesBrooks Robinson
72.9%
BravesPhil Niekro & Hank Aaron
71.8%
RockiesTodd Helton
70.5%
CardinalsStan Musial
70.2%
AstrosCraig Biggio
70%
PadresTony Gwynn
69.7%
RangersMichael Young, Ivan Rodriguez & Juan Gonzalez
69.7%
TigersAl Kaline & Ty Cobb
69.5%
BrewersRobin Yount
68.8%
RedsBarry Larkin, Dave Concepcion & Pete Rose
68.3%
Red SoxCarl Yastrzemski
66.8%
PhilliesMike Schmidt
64.5%
Franchise Player % Correct
MarinersEdgar Martinez
59.2%
PiratesWillie Stargell
56.2%
RaysEvan Longoria
47.3%
AngelsGarret Anderson
42%
GiantsMel Ott
39.7%
NationalsRyan Zimmerman
31.5%
Blue JaysDave Stieb
23.5%
CubsCap Anson
22.8%
DiamondbacksMiguel Montero
18.8%
MetsEd Kranepool
17.5%
DodgersBill Russell & Zack Wheat
17%
MarlinsLuis Castillo
11.8%
AthleticsHarry Davis
10.6%
White SoxTed Lyons
8.7%
IndiansMel Harder
2.7%

You're not logged in!

Compare scores with friends on all Sporcle quizzes.
OR
Log In

Sporcle TV

Today on Sporcle TV


Watch our educational content, quiz creation guides, and fun videos on Sporcle TV.

Show Comments

Extras

Top Quizzes Today


Score Distribution

Your Account Isn't Verified!

In order to create a playlist on Sporcle, you need to verify the email address you used during registration. Go to your Sporcle Settings to finish the process.

Report this User

Report this user for behavior that violates our Community Guidelines.

Details: